Responses for Show #3139 - Thursday, April 2, 1998

Pat Healy game 3.

Contestants

[<< previous game]

Paul McCudden, a screenwriter from Los Angeles, California

Jenny Smoyer, a legal assistant and undergraduate student from San Jose, California

Pat Healy, an index editor from Concord, California (whose 2-day cash winnings total $25,401)

[next game >>]

Jeopardy! Round responses

AMERICAN AUTHORS
LAUNCH THIS!
STATE CAPITALS
"ICK"Y WORDS
SPORTS SCORES
MOVIE SCORES
    $100 5
(Jack) Kerouac

Pat
    $100 11
a christening

Pat
    $100 25
Oklahoma City

Jenny
    $100 16
a cricket

Pat
    $100 21
a bogey

Pat
    $100 1
John Williams

Pat
    $200 7
(Ernest) Hemingway

Pat
    $200 12
fireworks

Pat
    $200 26
Honolulu

Paul
    $200 17
Snickers

Pat
    $200 22
(Paul: What is one?)
...
(Alex: Yes, for a safety.)

2

PatPaul
    $200 2
The Way We Were

Pat
    $300 8
Joseph Heller

Pat
    $300 13
a catapult

Pat
    $300 27
Nashville

Jenny
    $300 18
flick

Pat
    $300 23
serve

Pat
    $500 3
Psycho

Pat
    $400 9
Jack London

Paul
    $400 14
torpedoes

Pat
    $400 28
(Jenny: What is Tallahassee?)

Santa Fe

Jenny
Triple Stumper
    $400 19
rickshaws

Pat
    $400 24
3

Paul
    $400 4
Braveheart

Jenny
    $500 10
Sinclair Lewis

Pat
    $500 15
[Applause for Pat's run of the category segues into the first break.]

the Space Shuttle

Pat
    $500 29
Boston

Paul
    $500 20
(Pat: What are rickets?)

prickly heat

Pat
Triple Stumper
    $500 30
60 (triple 20)

Pat
    $500 6
Danny Elfman

Pat

Scores at the first commercial break (after clue 15):

Pat Jenny Paul
$3,900 $400 $400

Scores at the end of the Jeopardy! Round:

Pat Jenny Paul
$5,500 $400 $1,300

Double Jeopardy! Round responses

WORLD RELIGION
POP GOES THE EASEL
PRESIDENTIAL CAMPAIGNS
GONE WITH THE WINDS
THE SIMPSONS' GUEST VOICES
..."UM"
    $200 1
a creed

Paul
    $200 13
the answer, my friend

Paul
    $200 9
Paul McCartney

Pat
    $200 3
(Pat: [Selecting the clue] ...ummm... for $200.)
(Alex: Which one?)
(Pat: ..."UM" for $200.)
(Alex: Oh! ..."UM"! All right.)
[Laughter]
...
(Alex: Right! And a moment ago, I was confused, because I thought you were just pausing and throwing in an "um" trying to figure out what you were going to do!)
[Laughter]

a magnum

Pat
    $400 2
(Paul: What is the Mormon religion?)

The Society of Friends (or Quakers)

PatPaul
    $400 21
(Pat: Who is Hoover?)
...
(Alex: Pat, you were thinking of 1900, not the 1800s, I think.)

Andrew Jackson

Pat
Triple Stumper
    $400 14
Paris

Pat
    $400 10
David Hyde Pierce

Pat
    $400 4
an ultimatum

Pat
    $600 16
prayer books

Triple Stumper
    $600 25
(Alex: That's right, and I'm sorry I left out one of the "heh"s.)

Mike Judge

Pat
    $600 22
(Paul: Who is FDR?)

Al Smith

Paul
Triple Stumper
    $600 15
(Pat: What is Australia?)

Antarctica

PatPaul
    $600 11
Aerosmith

Pat
    $600 5
serum

Paul
    $800 17
Ignatius Loyola

Jenny
    $4,000 26
(Alex: [*]--Composition in Yellow, you are correct.)

(Piet) Mondrian

Pat
    $800 23
(Woodrow) Wilson

Pat
    $800 19
a Scirocco

Paul
    $800 12
Bette Midler

Pat
    $800 6
helium

Pat
    $1000 18
Zen Buddhism

Pat
    $1000 27
(Pat: Who is Seurat?)
...
[The end-of-round signal sounds.]

Henri Matisse

Pat
Triple Stumper
    $1000 24
log cabins

Jenny
    $1000 20
"Ode to the West Wind"

Triple Stumper
    $4,000 8
Conan O'Brien

Pat
    $1000 7
(Pat: Who is Borgum?)

Gutzon Borglum

Pat
Triple Stumper

Scores at the end of the Double Jeopardy! Round:

Pat Jenny Paul
$17,100 $2,200 $2,700
(lock game)

[wagering suggestions for these scores]

Final Jeopardy! Round responses

THE 20th CENTURY
(Alex: Jenny, we begin with you, and I worry about what you put down.)
JennyWho is Mr... G?
$1,000
PaulWho is Archduke Ferdinand?
$2,500
PatWho is Rasputin?
$2,900
Rasputin

Final scores:

Pat Jenny Paul
$20,000 $1,200 $200
3-day champion: $45,401 2nd place: a trip to New York on Tower Air at Doubleday Suites 3rd place: Sony's Power Cinema package stereo & VCR

Game dynamics:

Coryat scores:

Pat Jenny Paul
$10,700 $2,200 $2,700
35 R
(including 3 DDs),
5 W
5 R,
1 W
9 R,
3 W

Combined Coryat: $15,600

[game clues] [game scores] [suggest correction]

Game tape date: Unknown
The J! Archive is created by fans, for fans. Scraping, republication, monetization, and malicious use prohibited; this site may use cookies and collect identifying information. See terms. The Jeopardy! game show and all elements thereof, including but not limited to copyright and trademark thereto, are the property of Jeopardy Productions, Inc. and are protected under law. This website is not affiliated with, sponsored by, or operated by Jeopardy Productions, Inc. Join the discussion at JBoard.tv.